| 000 -ლიდერი |
| ფიქსირებული სიგრძის საკონტროლო ველი |
01570nam a2200301Ia 4500 |
| 001 - საკონტროლო ნომერი |
| საკონტროლო ველი |
7490 |
| 003 - საკონტროლო ნომრის იდენტიფიკატორი |
| საკონტროლო ველი |
GE_BSU |
| 005 - ბოლო ოპერაციის თარიღი და დრო |
| საკონტროლო ველი |
20231218171812.0 |
| 008 - ფიქსირებული სიგრძის მონაცემთა ელემენტები - ზოგადი ინფორმაცია |
| ფიქსირებული სიგრძის საკონტროლო ველი |
181216s2012||||ge |||||||||||||| ||geo|| |
| 020 ## - წიგნის საერთაშორისო სტანდარტული ნომერი |
| International Standard Book Number |
9789941041662 |
| 040 ## - კატალოგიზაციის წყარო |
| Transcribing agency |
GE_BSU |
| 041 ## - ენის კოდი |
| Language code of text/sound track or separate title |
geo |
| 080 ## - უნივერსალური ათობითი კლასიფიკაციის ინდექსი |
| Universal Decimal Classification number |
165.4 კ-40 |
| 100 ## - მთავარი ჩანაწერი - პიროვნების სახელი |
| Personal name |
კენტერბერიელი, ანსელმ |
| 9 (RLIN) |
20773 |
| 245 ## - ცნობა სათაურის შესახებ |
| Title |
ჭეშმარიტებისათვის = De Veritate / |
| Statement of responsibility, etc |
ანსელმ კენტერბერიელი ; ლათ. თარგმნა და კომენტ. დაურთო ნინო ჭავჭავაძემ ; ტექსტის რედ. და შესავ. წერილი გ. თევზაძისა და ა. ურუშაძის. |
| 264 ## - წარმოების, გამოცემის, დისტრიბუციის და სხვა ცნობები |
| გამოცემის, წარმოების, დისტრიბუციის... ადგილი |
თბილისი : |
| გამოცემის, წარმოების, დისტრიბუციის... სახელწოდება |
უნ-ტის გამ-ბა, |
| გამოცემის, წარმოების, დისტრიბუციის... თარიღი |
2012. |
| 300 ## - ფიზიკური აღწერა |
| Extent |
116 გვ. ; |
| Dimensions |
20 სმ. |
| 500 ## - ზოგადი შენიშვნა |
| General note |
პარალელური თავფურცელი ლათინურ ენაზე |
| 500 ## - ზოგადი შენიშვნა |
| General note |
ტექსტი ქართულ და ლათინურ ენებზე |
| 653 ## - INDEX TERM--UNCONTROLLED |
| Uncontrolled term |
De Veritate |
| 653 ## - INDEX TERM--UNCONTROLLED |
| Uncontrolled term |
ჭეშმარიტება |
| 653 ## - INDEX TERM--UNCONTROLLED |
| Uncontrolled term |
ჭეშმარიტებისათვის |
| 700 ## - ADDED ENTRY--PERSONAL NAME |
| Personal name |
ჭავჭავაძე, ნინო |
| Relator term |
მთარგმნელი |
| 9 (RLIN) |
12485 |
| 700 ## - ADDED ENTRY--PERSONAL NAME |
| Personal name |
თევზაძე, გ. |
| Relator term |
რედაქტორი |
| 9 (RLIN) |
20774 |
| 700 ## - ADDED ENTRY--PERSONAL NAME |
| Personal name |
ურუშაძე, ა. |
| Relator term |
რედაქტორი |
| 9 (RLIN) |
3915 |
| 942 ## - ADDED ENTRY ELEMENTS (KOHA) |
| Koha item type |
წიგნი |
| Source of classification or shelving scheme |
|